000 00878nas a2200289 4500
001 BR9704011
003 BR-BrBNA
005 20231205100411.0
007 ta
008 230509b bl.|||p| |||| 00| 00por d
040 _aBR-BrBNA
_bpor
_cBiblioteca Nacional de Agricultura
041 _a(En)
072 _aP06
100 1 _aCarvalhal, M.L.
100 1 _aWuthstrack, G.H.
100 1 _aMontoro, L.P.
100 1 _aTakahashi, D.F.
100 1 _aAlterthum, F.
245 1 _aEthanol production from lactose and whey by Escherichia coli expressing genes from Zymomonas mobilis
650 _aEtanol
650 _aBacteria Patogenica
650 _aSoro de Leite
650 _aLactose
773 0 _tRevista de Microbiologia (Brazil)
_xISSN 0001-3714
_g(Jan-Mar 1997), v. 28(1) p. 263-267
_wBR9704011
909 _a202311
_bLúcia
_c55
_dLúcia Elande
942 _2AGRIS
_n0
_cANA
999 _c155783
_d155783